Visualizzazione normale
Vista MARC
- Cento, Fernando,
di Personal Name
Records bibliografici associati: 2
001 - CONTROL NUMBER
- control field: 7472
003 - CONTROL NUMBER IDENTIFIER
- control field: IT-RoINE
005 - DATE AND TIME OF LATEST TRANSACTION
- control field: 20160915061952.0
008 - FIXED-LENGTH DATA ELEMENTS
- fixed length control field: 140509|| aca||aabn | a|a d
040 ## - CATALOGING SOURCE
- Original cataloging agency: IT-RoINE
- Transcribing agency: IT-RoINE
100 ## - HEADING--PERSONAL NAME
- Personal name: Cento, Fernando,
- Titles and other words associated with a name: Cardenal,
- Dates associated with a name: 1883-1973
670 ## - SOURCE DATA FOUND
- Source citation: Work cat.: (IT-RoINE)0: Bogliolo, Luigi, 1910-1999 7471, Il cardinale Cento, 1883-1973 :, c1983.